[Event "Modra Slovakia op"]
[Site "Modra"]
[Date "2024.03.03"]
[Round "4"]
[White "Veres, Alex"]
[Black "Pikulik, Roman"]
[Result "1-0"]
[WhiteElo "1584"]
[BlackElo "1675"]
[PlyCount "89"]
[EventDate "2024.03.01"]
[EventType "swiss"]
[EventRounds "9"]
[EventCountry "SVK"]
[SourceTitle "CBM 219 Extra"]
[Source "ChessBase"]
[SourceDate "2024.05.31"]
[SourceVersion "1"]
[SourceVersionDate "2024.05.31"]
[SourceQuality "1"]

1. e4 c5 2. Nf3 Nc6 3. d4 cxd4 4. Nxd4 g6 5. Nc3 Bg7 6. Be3 Nf6 7. Bc4 Qa5 8. Nb3 Qc7 9. 0-0 d6 10. f3 0-0 11. Qd2 Nb4 12. Bd3 Nxd3 13. cxd3 Be6 14. Nd4 a6 15. Rac1 Qd8 16. Nxe6 fxe6 17. d4 e5 18. Ne2 Rc8 19. Rxc8 Qxc8 20. Rc1 Qd7 21. dxe5 Ne8 22. exd6 Nxd6 23. Qd5+ Kh8 24. e5 Rf5 25. f4 Qb5 26. Qxb5 Nxb5 27. Rc8+ Rf8 28. Rxf8+ Bxf8 29. Nd4 Nc7 30. Kf2 e6 31. Nb3 Nd5 32. g3 Kg8 33. Bc5 b6 34. Bxf8 Kxf8 35. Ke2 Ke7 36. a3 Kd7 37. Kd3 a5 38. Ke4 Ne7 39. g4 Kc6 40. Nd4+ Kd7 41. h4 Nc6 42. Nxc6 Kxc6 43. f5 gxf5+ 44. gxf5 Kd7 45. fxe6+ 1-0

[Event "Piestany Augustus Cup"]
[Site "Piestany"]
[Date "2022.07.15"]
[Round "5"]
[White "Calon, Jozef"]
[Black "Pikulik, Roman"]
[Result "0-1"]
[WhiteElo "1223"]
[BlackElo "1097"]
[PlyCount "94"]
[EventDate "2022.07.15"]
[EventType "swiss (rapid)"]
[EventRounds "7"]
[EventCountry "SVK"]
[SourceTitle "CBM 209 Extra"]
[Source "ChessBase"]
[SourceDate "2022.09.30"]
[SourceVersion "1"]
[SourceVersionDate "2022.09.30"]
[SourceQuality "1"]

1. d4 d5 2. e3 Nf6 3. c4 e6 4. c5 b6 5. cxb6 axb6 6. Nf3 Bb7 7. Be2 Be7 8. 0-0 0-0 9. b3 Nbd7 10. Bb2 Rc8 11. Nbd2 c5 12. dxc5 Nxc5 13. h3 Ncd7 14. Nd4 e5 15. Nb5 e4 16. a4 Nc5 17. Nd4 Re8 18. Bb5 Rf8 19. Nf5 Nd3 20. Bd4 Bc5 21. Bxc5 Rxc5 22. Nd4 Qd6 23. Nf5 Qd8 24. Rc1 Nxc1 25. Qe2 Nxe2+ 26. Kh1 Nc3 27. Nd4 Bc8 28. Nc6 Nxb5 29. axb5 Qd6 30. Nd4 Qc7 31. b4 Rc1 32. Kg1 Rxf1+ 33. Nxf1 Bd7 34. Ng3 h6 35. Nge2 Qc4 36. Kh2 Bxb5 37. Nf4 Ba6 38. b5 Bxb5 39. Nf5 Re8 40. Nd6 Qb4 41. Nxe8 Nxe8 42. Nxd5 Qd6+ 43. Nf4 g5 44. g3 gxf4 45. gxf4 Qg6 46. h4 Bf1 47. f5 Qg2# 0-1

[Event "Piestany Augustus Cup"]
[Site "Piestany"]
[Date "2022.07.15"]
[Round "6"]
[White "Durik, Martin"]
[Black "Pikulik, Roman"]
[Result "0-1"]
[WhiteElo "1235"]
[BlackElo "1097"]
[PlyCount "88"]
[EventDate "2022.07.15"]
[EventType "swiss (rapid)"]
[EventRounds "7"]
[EventCountry "SVK"]
[SourceTitle "CBM 209 Extra"]
[Source "ChessBase"]
[SourceDate "2022.09.30"]
[SourceVersion "1"]
[SourceVersionDate "2022.09.30"]
[SourceQuality "1"]

1. e4 c5 2. c3 d5 3. exd5 Qxd5 4. d4 Nc6 5. Nf3 Bg4 6. Be2 Nf6 7. Be3 cxd4 8. cxd4 e6 9. Nc3 Qd7 10. 0-0 Be7 11. Qd2 0-0 12. h3 Bf5 13. Rac1 Rac8 14. Bb5 a6 15. Ne5 Qd8 16. Nxc6 bxc6 17. Bxa6 Rb8 18. a3 Qb6 19. Bd3 Bxd3 20. Qxd3 Qxb2 21. a4 Qa3 22. Ra1 Qd6 23. g3 Ra8 24. Ne4 Nxe4 25. Qxe4 Rfc8 26. Rfc1 h6 27. Qg4 Kh7 28. Rc5 Qc7 29. Qh5 Bxc5 30. dxc5 Rf8 31. g4 f6 32. h4 Qe5 33. Qxe5 fxe5 34. h5 Ra5 35. Kg2 Rfa8 36. Rb1 Rxa4 37. Rb6 R4a6 38. Rb7 R8a7 39. Rb4 Ra4 40. Rxa4 Rxa4 41. Kg3 g6 42. hxg6+ Kxg6 43. f3 Ra3 44. Bd2 e4 0-1